000 00283nam a2200121 a 4500
008 100917s1969|||| d
245 1 0 _aParížski mohykáni II
100 1 _aDumas, Alexander
260 _bSmena
_aBratislava
_c1969
020 _c22
044 _axo
_cSK
041 _aslo
999 _c10478
_d10478